000 01279aab a2200193 i 4500
001 768714001
003 CO-MdFUSB
005 20221103165901.0
008 221103s2002 sp ||||| |||| 00| 0 spa d
040 _bspa
_cCO-MdFUSB
_dCO-MdFUSB
041 _aspa
100 1 _aCarranza, Brenda
_eautor
245 1 0 _aFuegos de pentecostalismo en el Brasil contemporáneo
_c/ Brenda Carranza
300 _aNúmero 296, (Junio 2002), páginas 107- 117
_c; 21 cm
520 _aA partir de un contexto religiosos plural y no institucionalizado, me propongo en ese artículo, de manera mas descriptiva que analítica: A) Registrar cuáles son los cambios operados por el fenómeno de la pentecostalización protestante y católico en el campo religioso y brasileño de los últimos 30 años. B) Alertar sobre los mecanismo de guerra espiritual desarrollados entre carismáticos y neopentecostales, en la disputa por fieles, que configura en escenario de mercado religioso. C)mostrar el impacto que el pentecostalismo tiene el en la resolución de los problemas cotidianos y existenciales en las esferas publicas y medios de comunicación.
650 0 _9142
_aPentecostalismo
773 0 _tConcilium
_049450
_960416
_gNúmero 296, (Junio 2002), páginas 107- 117
_q páginas 107
942 _cANA
999 _c49939
_d49939